Visualizzazione normale
Vista MARC
- Andrea, Damino
di Personal Name
Records bibliografici associati: 1
001 - CONTROL NUMBER
- control field: 53
003 - CONTROL NUMBER IDENTIFIER
- control field: IT-RoPau
005 - DATE AND TIME OF LATEST TRANSACTION
- control field: 20121203101918.0
008 - FIXED-LENGTH DATA ELEMENTS
- fixed length control field: 121203|| aca||aabn | a|a d
040 ## - CATALOGING SOURCE
- Original cataloging agency: IT-RoPau
- Transcribing agency: IT-RoPau
100 ## - HEADING--PERSONAL NAME
- Personal name: Andrea, Damino
- Titles and other words associated with a name: ssp
670 ## - SOURCE DATA FOUND
- Source citation: Work cat.: (IT-RoPau)25129: Andrea, Damino ssp, Bibliografia di Don Giacomo Alberione , 1984